| 000 | 00835nam a22001937a 4500 | ||
|---|---|---|---|
| 003 | BR-ViAPE | ||
| 005 | 20260515122632.0 | ||
| 008 | 260515s1878 por gs|||| 001 0 por d | ||
| 040 | _cBR-ViAPE | ||
| 100 | _aPenna, Misael Ferreira | ||
| 245 | _aHistória da província do Espírito Santo | ||
| 260 |
_aRio de Janeiro _bTypographia de Moreira Maximino _c1878 |
||
| 300 |
_a108 p. _bDocumento digitalizado (PDF) |
||
| 500 | _aDocumento digitalizado do acervo institucional do Arquivo Público do Estado do Espírito Santo - APEES. | ||
| 650 |
_aHistória _xProvíncia _zEspírito Santo (Brasil) |
||
| 651 | _aEspírito Santo (Brasil) | ||
| 856 |
_uhttps://ape.es.gov.br/Media/ape/PDF/Livros/Livros_Historicos/Obras_raras/seculo_XIX/APEES_OR_hist_provincia_es_1878.pdf _yCLIQUE AQUI PARA ACESSAR O DOCUMENTO |
||
| 942 |
_2ddc _cOBRAS_RARA _n1 |
||
| 999 |
_c683 _d683 |
||